000 01555nam2a2200301 4500
001 rc\2986176
005 20110912152253.2
035 _a(NLR Aleph) 007130659
090 _a13612405
_c13612405
100 _a20110912d1935 |||y0rusy50 ca
101 0 _arus
102 _aRU
105 _aa j |||||
200 1 _aˆ(‰Элементы производства и коммутация)
_eУчебник для втузов связи
_fИнж. П.Ф. Кошкодаев
_gПод ред. Б.С. Комарова
210 _d1935
_g39 тип. Мособлполиграфа
215 _aОбл., 291 с.
_cил.
300 _aНа тит. л.: "Инж. П.Ф. Кошкодаев. Устройство и оборудование телеграфных станций"
300 _a1 ч. Комаров, Б.С. Устройство и оборудование телеграфных станций
320 _aБиблиогр.: "Литература" в конце каждой главы
461 0 _1001rc\2986174
_12001#$aУстройство и оборудование телеграфных станций ...$e(Пособие для втузов). Ч. 1-$fинж. Б.С. Комаров$vЧ. 2
517 0 0 _aУстройство и оборудование телеграфных станций
702 1 _aКошкодаев
_bП. Ф.
_gПетр Филиппович
_4570
702 1 _aКомаров
_bБ. С.
_4340
801 0 _aRU
_bNLR
_gpsbo
801 1 _aRU
_bELAR
_2rusmarc
852 _aNLR
_j34-17/297(2)
942 _cBOOK
980 _aNB